|
|
|
|
| LEADER |
00000nam0a2200000 4500 |
| 001 |
350023 |
| 005 |
20231102010248.0 |
| 035 |
|
|
|a (RuTPU)RU\TPU\retro\3486
|
| 090 |
|
|
|a 350023
|
| 100 |
|
|
|a 20181031d1951 k y0rusy50 ca
|
| 101 |
0 |
|
|a rus
|
| 102 |
|
|
|a RU
|
| 105 |
|
|
|a y z 000zy
|
| 200 |
1 |
|
|a Влияние искривления оси и настильности горящего газового факела на его дальнобойность
|e [оттиск статьи]
|f Н. Н. Норкин
|g Томский политехнический институт (ТПИ)
|
| 210 |
|
|
|a Томск
|c Изд-во ТПИ
|d 1951
|
| 215 |
|
|
|a С. 171-188
|c граф.
|
| 225 |
1 |
|
|a Известия Томского политехнического института
|v Т. 68, вып. 1
|
| 316 |
|
|
|5 63413507: ШкА/678
|a На с. 171 дарственная надпись: "НТБ ТПИ от автора. 10.XI.53"
|
| 320 |
|
|
|a Библиогр.: с. 188
|
| 606 |
1 |
|
|a Горение
|x Теория
|x Химическая технология
|2 stltpush
|3 (RuTPU)RU\TPU\subj\33012
|9 55374
|
| 610 |
1 |
|
|a труды учёных ТПУ
|
| 610 |
1 |
|
|a газовые факелы
|
| 610 |
1 |
|
|a горючие смеси
|
| 610 |
1 |
|
|a газовые фонтаны
|
| 610 |
1 |
|
|a плавильные печи
|
| 610 |
1 |
|
|a коллекция ТПУ
|
| 610 |
1 |
|
|a дарственные надписи
|
| 610 |
1 |
|
|a дары автора
|
| 610 |
1 |
|
|a дары библиотеке
|
| 675 |
|
|
|a 662.611
|v 3
|
| 700 |
|
1 |
|a Норкин
|b Н. Н.
|c зав. каф. химической аппаратуры ТПИ (с 1938)
|c выпускник СХТИ 1931 г.
|f 1902-?
|g Николай Николаевич
|2 stltpush
|3 (RuTPU)RU\TPU\pers\26754
|9 12397
|
| 712 |
0 |
2 |
|a Томский политехнический институт (ТПИ)
|c (1944-1991)
|2 stltpush
|3 (RuTPU)RU\TPU\col\1123
|
| 801 |
|
1 |
|a RU
|b 63413507
|c 20090320
|g PSBO
|
| 801 |
|
2 |
|a RU
|b 63413507
|c 20200204
|g PSBO
|
| 942 |
|
|
|c BK
|